| 000 | 00472nam a22001577a 4500 | ||
|---|---|---|---|
| 008 | 210519b ||||| |||| 00| 0 eng d | ||
| 020 | _a9789993693581 | ||
| 082 | _a954.98 TAS | ||
| 100 | _aTashi, Phuntsho Khenpo | ||
| 245 |
_aArts and Culture of Bhutan : _bReflections on Bhutanese cultural wisdom over time |
||
| 250 | _a1st ed. | ||
| 260 |
_aThimphu : _bDepartment of culture, _c2019. |
||
| 300 |
_a684 p. _bill, _c28 cm. |
||
| 650 | _aCulture of Bhutan | ||
| 942 | _2ddc | ||
| 999 |
_c8764 _d8765 |
||